[Event "II Weekend A"]
[Site "Cornuda ITA"]
[Date "2000.01.??"]
[Round "1"]
[White "Ausmins, Elmar"]
[Black "Fregonese, Giulio"]
[WhiteElo "2255"]
[BlackElo "2117"]
[Result "1-0"]
[PlyCount "69"]
[EventDate "2000.01.28"]

1. d4 Nf6 2. Nf3 g6 3. c4 Bg7 4. Nc3 d5 5. cxd5 Nxd5 6. e4 Nxc3 7. bxc3 O-O 8.
Rb1 c5 9. Be2 cxd4 10. cxd4 Nc6 11. d5 Ne5 12. Nxe5 Bxe5 13. O-O Bg7 14. Bb2 f6
15. Ba3 Re8 16. Bb5 Bd7 17. d6 exd6 18. Qd5+ Be6 19. Qxb7 Re7 20. Qa6 Bxa2 21.
Rb2 Bf7 22. Bxd6 Re6 23. Rd2 Bf8 24. Rfd1 Bxd6 25. Rxd6 Rxd6 26. Rxd6 Qe7 27.
Qc6 Rb8 28. Bf1 Rb6 29. Qc8+ Kg7 30. Rd7 Qe6 31. Qc7 Rb1 32. Re7 Qb3 33. g3 Rb2
34. Qc4 Qxc4 35. Bxc4 1-0

[Event "II Weekend A"]
[Site "Cornuda ITA"]
[Date "2000.01.??"]
[Round "1"]
[White "Cacco, Christian"]
[Black "Alberton, Roberto"]
[WhiteElo "2263"]
[BlackElo "2138"]
[Result "1-0"]
[PlyCount "43"]
[EventDate "2000.01.28"]

1. d4 Nf6 2. Nf3 e6 3. Bg5 c5 4. e3 Nc6 5. c3 d5 6. Nbd2 Bd6 7. Bd3 h6 8. Bh4
O-O 9. O-O e5 10. e4 dxe4 11. Nxe4 cxd4 12. cxd4 exd4 13. Nxf6+ gxf6 14. h3 Bf4
15. a3 Qd6 16. Nd2 Bxd2 17. Qxd2 Kg7 18. f4 Ne7 19. f5 Bd7 20. Rf4 Rad8 21. Bg3
Kh7 22. Rh4 1-0

[Event "II Weekend A"]
[Site "Cornuda ITA"]
[Date "2000.01.??"]
[Round "1"]
[White "De Bortoli, Peter"]
[Black "Danieli, Enrico"]
[WhiteElo "2225"]
[BlackElo "2055"]
[Result "0-1"]
[PlyCount "130"]
[EventDate "2000.01.28"]

1. e4 c6 2. d4 d5 3. Nc3 dxe4 4. Nxe4 Nf6 5. Nxf6+ exf6 6. Be3 Bd6 7. Bd3 O-O
8. Ne2 Re8 9. Ng3 f5 10. Kf1 f4 11. Bd2 g6 12. Ne4 Bf5 13. Qf3 Bxe4 14. Bxe4
Qb6 15. Bc3 Nd7 16. a4 Nf6 17. a5 Qb5+ 18. Bd3 Qd5 19. a6 b6 20. b3 b5 21. Bb2
b4 22. Qxd5 cxd5 23. Ra5 Rab8 24. f3 Re6 25. Kf2 Bc7 26. Rc5 Bb6 27. Rb5 Bc7
28. Rxb8+ Bxb8 29. Re1 Nd7 30. Rxe6 fxe6 31. Ke2 Bd6 32. c3 bxc3 33. Bxc3 Kf7
34. b4 Ke7 35. b5 Nb6 36. Ba5 Bc7 37. Bb4+ Kd8 38. Bc5 Kc8 39. h4 Kb8 40. h5
gxh5 41. Bxh7 Nd7 42. Bg8 Bb6 43. Bxb6 Nxb6 44. Bxe6 Kc7 45. Kd2 Kd6 46. Bf7 h4
47. Be8 Na8 48. Bc6 Nc7 49. Kd3 Nxa6 50. Kc3 Nc7 51. Kb4 Ne6 52. Kc3 Ng5 53.
Bb7 Nxf3 54. Bc8 Ne1 55. Bh3 f3 56. gxf3 Nxf3 57. Bg2 Ng5 58. Kb4 Ne6 59. Kc3
Nf4 60. Bf3 h3 61. Kd2 h2 62. Ke3 Ne6 63. Bg2 Nc7 64. Kf4 Nxb5 65. Kg3 a5 0-1

[Event "II Weekend A"]
[Site "Cornuda ITA"]
[Date "2000.01.??"]
[Round "1"]
[White "Forato, Piero"]
[Black "Caruso, Augusto"]
[WhiteElo "1761"]
[BlackElo "2260"]
[Result "1/2-1/2"]
[PlyCount "59"]
[EventDate "2000.01.28"]

1. e4 e5 2. Nf3 Nc6 3. Bb5 f5 4. d3 Nf6 5. Nc3 Bb4 6. O-O Bxc3 7. bxc3 fxe4 8.
dxe4 O-O 9. Qe2 d6 10. h3 Qe8 11. Kh1 Qh5 12. Qc4+ Kh8 13. Nh2 Qh4 14. f4 Nh5
15. Nf3 Ng3+ 16. Kg1 Qh5 17. Rf2 exf4 18. Bxc6 bxc6 19. Qxc6 Rb8 20. Qxc7 Ba6
21. Qxa7 Ra8 22. Qe7 Qc5 23. c4 Bxc4 24. Bb2 Rf7 25. Qh4 Nxe4 26. Bd4 Qf5 27.
Re1 Kg8 28. Rxe4 Qxe4 29. Ng5 Qg6 30. Nxf7 1/2-1/2

[Event "II Weekend A"]
[Site "Cornuda ITA"]
[Date "2000.01.??"]
[Round "1"]
[White "Pastres, Roberto"]
[Black "Efimov, Igor"]
[WhiteElo "2212"]
[BlackElo "2537"]
[Result "0-1"]
[PlyCount "68"]
[EventDate "2000.01.28"]

1. Nf3 c5 2. c4 b6 3. Nc3 Bb7 4. e3 g6 5. Be2 Bg7 6. d4 cxd4 7. exd4 Nf6 8. d5
O-O 9. O-O Na6 10. Re1 h6 11. Rb1 Re8 12. Bf4 Nh5 13. Be5 Bf8 14. Nd2 d6 15.
Bd4 Ng7 16. Nce4 Nc5 17. Bf1 Nd7 18. Bc3 b5 19. b3 Rc8 20. Nf3 e5 21. dxe6 Rxe6
22. Ng3 bxc4 23. bxc4 Nc5 24. Qd2 Bxf3 25. gxf3 Rxe1 26. Rxe1 Nge6 27. f4 Qh4
28. f5 gxf5 29. Nxf5 Qg4+ 30. Ng3 Ng5 31. Bg2 Nce6 32. Re4 Nxe4 33. Nxe4 Bg7
34. Bxg7 Qxg7 0-1

[Event "II Weekend A"]
[Site "Cornuda ITA"]
[Date "2000.01.??"]
[Round "1"]
[White "Pegoraro, Nicola"]
[Black "Luciani, Valerio"]
[WhiteElo "2060"]
[BlackElo "2156"]
[Result "1-0"]
[PlyCount "47"]
[EventDate "2000.01.28"]

1. e4 e6 2. d4 d5 3. e5 c5 4. c3 Nc6 5. Be3 cxd4 6. cxd4 Bd7 7. Nc3 Nge7 8. Bd3
Ng6 9. Nf3 Be7 10. O-O O-O 11. Qe2 Nh8 12. a3 f6 13. exf6 Bxf6 14. Qc2 g6 15.
Qd2 Nf7 16. Rfe1 Rc8 17. b4 Ne7 18. Bf4 Qb6 19. Rac1 Rce8 20. Na4 Qd8 21. Nc5
b6 22. Nxe6 Bxe6 23. Rxe6 Kg7 24. Bb5 1-0

[Event "II Weekend A"]
[Site "Cornuda ITA"]
[Date "2000.01.??"]
[Round "1"]
[White "Ventura, Boris"]
[Black "Genocchio, Daniele"]
[WhiteElo "2131"]
[BlackElo "2245"]
[Result "1-0"]
[PlyCount "79"]
[EventDate "2000.01.28"]

1. e4 c5 2. Nf3 d6 3. d4 cxd4 4. Nxd4 Nf6 5. Nc3 g6 6. Be2 Bg7 7. O-O Nc6 8.
Be3 O-O 9. Nxc6 bxc6 10. Qd2 Re8 11. Bh6 Bh8 12. Kh1 d5 13. e5 Nd7 14. f4 e6
15. Rf3 Qa5 16. Raf1 Rb8 17. b3 Ba6 18. Bxa6 Qxa6 19. Qf2 Qb6 20. Qh4 f6 21.
Rh3 Qd8 22. Bg5 Qe7 23. exf6 Bxf6 24. Bxf6 Nxf6 25. Re1 Rb4 26. Qg5 Qf7 27. a3
Rd4 28. Rhe3 Nd7 29. f5 e5 30. Ne2 Rd2 31. Rc3 Rd4 32. fxg6 Qf2 33. gxh7+ Kh8
34. Rg3 Qxe1+ 35. Ng1 Qxg3 36. hxg3 Rd1 37. Qg4 Rxg1+ 38. Kxg1 Nf6 39. Qf5 Nxh7
40. Qd7 1-0

[Event "II Weekend A"]
[Site "Cornuda ITA"]
[Date "2000.01.??"]
[Round "2"]
[White "Alberton, Roberto"]
[Black "Pastres, Roberto"]
[WhiteElo "2138"]
[BlackElo "2212"]
[Result "1-0"]
[PlyCount "79"]
[EventDate "2000.01.28"]

1. d4 d6 2. c4 g6 3. Nc3 Bg7 4. e4 c5 5. d5 Na6 6. Nf3 Nc7 7. Be2 Nh6 8. Bf4
O-O 9. h3 f5 10. e5 dxe5 11. Nxe5 Ne8 12. Qd2 Nf7 13. Nxf7 Rxf7 14. O-O Nd6 15.
Rac1 Qa5 16. b3 Bd7 17. Rfe1 Rff8 18. Bf1 Rfe8 19. Be5 Bf8 20. h4 Nf7 21. Bf4
Rad8 22. Qc2 Bg7 23. Bd2 Qc7 24. g3 a6 25. Bg2 b5 26. Ne2 Rc8 27. Nf4 Ne5 28.
Bc3 bxc4 29. bxc4 Nf7 30. Bxg7 Kxg7 31. Re3 Kg8 32. Rce1 Qd6 33. Qe2 Kf8 34.
Ne6+ Bxe6 35. Rxe6 Qc7 36. h5 Kg7 37. hxg6 hxg6 38. Rxe7 Rxe7 39. Qxe7 Qxe7 40.
Rxe7 1-0

[Event "II Weekend A"]
[Site "Cornuda ITA"]
[Date "2000.01.??"]
[Round "2"]
[White "Caruso, Augusto"]
[Black "Luciani, Valerio"]
[WhiteElo "2260"]
[BlackElo "2156"]
[Result "1-0"]
[PlyCount "97"]
[EventDate "2000.01.28"]

1. e4 e6 2. d4 d5 3. Nc3 Bb4 4. Qg4 Nf6 5. Qxg7 Rg8 6. Qh6 dxe4 7. Bd2 Bxc3 8.
Bxc3 Nbd7 9. f3 b6 10. Bb5 Rg6 11. Qd2 Bb7 12. O-O-O c6 13. Bc4 Qc7 14. f4 Nd5
15. Nh3 f5 16. Be2 N7f6 17. g3 O-O-O 18. b3 Nxc3 19. Qxc3 h6 20. Qb2 Qe7 21.
Rhe1 Rgg8 22. c4 Rd7 23. Qc3 Kb8 24. Kb2 Rgd8 25. Nf2 Ne8 26. Rd2 Nc7 27. Red1
Qg7 28. Kc2 Na6 29. a3 Kc8 30. b4 Nc7 31. Nh3 c5 32. dxc5 Qxc3+ 33. Kxc3 Rxd2
34. Rxd2 Rxd2 35. Kxd2 bxc5 36. Kc3 Na6 37. g4 Kc7 38. g5 hxg5 39. fxg5 Kd6 40.
Nf4 e5 41. g6 Ke7 42. Nd5+ Kf8 43. h4 f4 44. h5 f3 45. Bf1 Bxd5 46. cxd5 cxb4+
47. axb4 Nxb4 48. Bc4 e3 49. h6 1-0

[Event "II Weekend A"]
[Site "Cornuda ITA"]
[Date "2000.01.??"]
[Round "2"]
[White "Danieli, Enrico"]
[Black "Cacco, Christian"]
[WhiteElo "2055"]
[BlackElo "2263"]
[Result "1/2-1/2"]
[PlyCount "101"]
[EventDate "2000.01.28"]

1. d4 Nf6 2. Nf3 c5 3. e3 b6 4. Be2 Bb7 5. O-O g6 6. c3 Bg7 7. b4 O-O 8. Qb3
Qc8 9. Ba3 Ne4 10. Nfd2 Nxd2 11. Nxd2 Na6 12. Rfc1 d6 13. Rab1 Qd7 14. bxc5
dxc5 15. Nf3 Rac8 16. h3 Rc7 17. Rd1 Qc8 18. d5 c4 19. Qc2 Rd8 20. e4 Nc5 21.
Nd4 Qb8 22. Nb5 Rcc8 23. Bg4 e6 24. Bxc5 Rxc5 25. dxe6 Bf8 26. exf7+ Kg7 27.
Nd4 Kxf7 28. Ne6 Re8 29. Rd7+ Kg8 30. Nxc5 Bxc5 31. Qd2 Bc6 32. Rd1 Bxd7 33.
Qxd7 Re7 34. Qd5+ Kg7 35. Bf3 Qc7 36. Qd8 Ba3 37. Qd4+ Re5 38. Be2 b5 39. Qd7+
Qxd7 40. Rxd7+ Re7 41. Rxe7+ Bxe7 42. Bg4 Bf6 43. Bd7 a6 44. Bc8 b4 45. Kf1 a5
46. Ke2 b3 47. axb3 cxb3 48. Be6 b2 49. Ba2 Bxc3 50. f4 a4 51. Kd3 1/2-1/2

[Event "II Weekend A"]
[Site "Cornuda ITA"]
[Date "2000.01.??"]
[Round "2"]
[White "Efimov, Igor"]
[Black "Ventura, Boris"]
[WhiteElo "2537"]
[BlackElo "2131"]
[Result "1-0"]
[PlyCount "105"]
[EventDate "2000.01.28"]

1. d4 Nf6 2. Nf3 d6 3. g3 g6 4. Bg2 Bg7 5. O-O O-O 6. a4 a5 7. Nc3 Nc6 8. b3
Re8 9. h3 e5 10. e3 e4 11. Nd2 d5 12. Ne2 Nb4 13. Ba3 Bf8 14. Qb1 Nh5 15. c3
Na6 16. b4 c6 17. b5 Nc7 18. Bxf8 Rxf8 19. c4 Be6 20. Rc1 f5 21. Bf1 g5 22.
bxc6 bxc6 23. cxd5 Bxd5 24. Nc3 Qd6 25. Nc4 Bxc4 26. Bxc4+ Kh8 27. Kg2 Rab8 28.
Qc2 Rb4 29. Be2 Nf6 30. Na2 Rb6 31. Nc3 Nfd5 32. Nxd5 Nxd5 33. Bc4 Nb4 34. Qe2
Qg6 35. Kh2 g4 36. h4 Qd6 37. Qd2 Rd8 38. Qc3 Qf6 39. Kg2 Rdb8 40. Bf1 Nd5 41.
Qxa5 Rb2 42. Kg1 f4 43. exf4 e3 44. Bg2 Nxf4 45. gxf4 Re8 46. Qg5 Qxd4 47. Rd1
Rd2 48. Qxg4 Rg8 49. Qf3 Qg7 50. Rxd2 Qxa1+ 51. Rd1 exf2+ 52. Kf1 Qxa4 53. Qc3+
1-0

[Event "II Weekend A"]
[Site "Cornuda ITA"]
[Date "2000.01.??"]
[Round "2"]
[White "Fregonese, Giulio"]
[Black "De Bortoli, Peter"]
[WhiteElo "2117"]
[BlackElo "2225"]
[Result "1-0"]
[PlyCount "55"]
[EventDate "2000.01.28"]

1. e4 e5 2. f4 Nc6 3. Nf3 f5 4. Bc4 fxe4 5. Nxe5 Nxe5 6. fxe5 d5 7. exd6 Nf6 8.
d4 c6 9. O-O Bg4 10. Bf7+ Kd7 11. Qe1 Bxd6 12. Bg5 Kc7 13. Nd2 Rf8 14. Nc4 h6
15. Bxf6 gxf6 16. Qxe4 f5 17. Qe6 b5 18. Qxd6+ Qxd6 19. Nxd6 Kxd6 20. Bb3 f4
21. c3 f3 22. Bd1 Rae8 23. Bxf3 Bxf3 24. gxf3 Re3 25. Rae1 Rxe1 26. Rxe1 Rxf3
27. Kg2 Rd3 28. Re2 1-0

[Event "II Weekend A"]
[Site "Cornuda ITA"]
[Date "2000.01.??"]
[Round "2"]
[White "Genocchio, Daniele"]
[Black "Forato, Piero"]
[WhiteElo "2245"]
[BlackElo "1761"]
[Result "1-0"]
[PlyCount "66"]
[EventDate "2000.01.28"]

1. e4 c5 2. Nf3 d6 3. d4 cxd4 4. Nxd4 Nf6 5. Nc3 a6 6. Bc4 e6 7. O-O Be7 8. Bb3
O-O 9. f4 Qc7 10. f5 e5 11. Nde2 Nbd7 12. Ng3 b5 13. Bg5 Bb7 14. Nh5 Kh8 15.
Bxf6 Nxf6 16. Nxf6 Bxf6 17. Bd5 Bxd5 18. Nxd5 Qc5+ 19. Kh1 Bg5 20. c3 f6 21.
Rf3 Qc4 22. Nb6 Qxe4 23. Nxa8 Qxa8 24. Rd3 e4 25. Rxd6 Bf4 26. Re6 e3 27. Qf3
Qxf3 28. gxf3 h5 29. Re4 Bh6 30. Rd1 b4 31. c4 g6 32. fxg6 f5 33. Re7 Bg7 1-0

[Event "II Weekend A"]
[Site "Cornuda ITA"]
[Date "2000.01.??"]
[Round "2"]
[White "Pegoraro, Nicola"]
[Black "Ausmins, Elmar"]
[WhiteElo "2060"]
[BlackElo "2255"]
[Result "0-1"]
[PlyCount "78"]
[EventDate "2000.01.28"]

1. e4 d6 2. d4 Nf6 3. Nc3 g6 4. f3 Bg7 5. Be3 O-O 6. Qd2 c6 7. Bh6 b5 8. h4 e5
9. dxe5 dxe5 10. Bd3 Nbd7 11. O-O-O Nc5 12. Qe3 Qe7 13. Bg5 Ne6 14. g4 a5 15.
Nge2 a4 16. Ng3 b4 17. Nce2 b3 18. a3 bxc2 19. Bxc2 Ba6 20. Nf5 gxf5 21. gxf5
Bxe2 22. Qxe2 Nc5 23. Rhg1 Kh8 24. h5 h6 25. Be3 Rfb8 26. Qg2 Rg8 27. Qd2 Kh7
28. Qc3 Nb3+ 29. Bxb3 axb3 30. Bc5 Qe8 31. Rd2 Nxh5 32. Rh1 Nf4 33. Rhd1 Qb8
34. Bd6 Qb5 35. Re1 Rad8 36. Kb1 Rd7 37. Qe3 Rgd8 38. Bb4 Rxd2 39. Bxd2 Ng2 0-1

[Event "II Weekend A"]
[Site "Cornuda ITA"]
[Date "2000.01.??"]
[Round "3"]
[White "Alberton, Roberto"]
[Black "Pegoraro, Nicola"]
[WhiteElo "2138"]
[BlackElo "2060"]
[Result "1-0"]
[PlyCount "93"]
[EventDate "2000.01.28"]

1. d4 Nf6 2. Nf3 c5 3. d5 d6 4. c4 g6 5. Nc3 Bg7 6. e4 O-O 7. Be2 Nbd7 8. O-O
Ne5 9. Nxe5 dxe5 10. Be3 b6 11. Rb1 Ne8 12. b4 cxb4 13. Rxb4 f5 14. f3 Nd6 15.
Qb3 Bd7 16. Rc1 Rc8 17. Qb1 Rc7 18. a4 Qc8 19. Nb5 Bxb5 20. axb5 Qd7 21. Qd3
Nb7 22. Ra1 f4 23. Bf2 Nc5 24. Qb1 Qd6 25. Rb2 Rd8 26. Rba2 Rdd7 27. Ra3 e6 28.
R1a2 exd5 29. cxd5 Bf8 30. Qa1 h6 31. Be1 Kf7 32. Bb4 Be7 33. Rxa7 Rxa7 34.
Rxa7 Rxa7 35. Qxa7 Kf6 36. Qa8 Kg7 37. Qc8 Qd8 38. Qc6 Qd6 39. g3 g5 40. Bf1
Qxc6 41. bxc6 Bd6 42. gxf4 gxf4 43. Be1 Kf7 44. Bh4 Bc7 45. Bc4 Ke8 46. Kf1 Na4
47. d6 1-0

[Event "II Weekend A"]
[Site "Cornuda ITA"]
[Date "2000.01.??"]
[Round "3"]
[White "Ausmins, Elmar"]
[Black "Efimov, Igor"]
[WhiteElo "2255"]
[BlackElo "2537"]
[Result "1/2-1/2"]
[PlyCount "131"]
[EventDate "2000.01.28"]

1. d4 e6 2. e4 d5 3. Nd2 Be7 4. Ngf3 Nf6 5. Bd3 c5 6. c3 cxd4 7. cxd4 dxe4 8.
Nxe4 Nc6 9. O-O O-O 10. Be3 Bd7 11. a3 Rc8 12. b4 Nd5 13. Bd2 Nb8 14. Ne5 Qe8
15. Re1 Bb5 16. Bb1 Ba4 17. Qf3 Bc2 18. Ba2 Nc6 19. Nxc6 bxc6 20. Rac1 Bxe4 21.
Qxe4 Qd8 22. Bb1 g6 23. Bh6 Re8 24. Ba2 Bf6 25. b5 Ne7 26. bxc6 Qxd4 27. Qf3
Nf5 28. Be3 Qb2 29. Bb1 Qxa3 30. c7 Nxe3 31. Qxf6 Nd5 32. Qe5 Re7 33. Be4 Rcxc7
34. Rb1 Nb6 35. h4 Qc3 36. Qf4 Qg7 37. h5 g5 38. Qf3 h6 39. Bc6 Rc8 40. Ra1 Qd4
41. Red1 Qf4 42. Qa3 Rec7 43. g3 Qf6 44. Be4 Nc4 45. Qa6 Kg7 46. Rab1 Ne5 47.
Kg2 Rc4 48. Rd2 R8c7 49. Ba8 Qf5 50. Rb8 Nd7 51. Rd8 Nf6 52. Qa3 Qc5 53. Qb2
Rc2 54. Rxc2 Qxc2 55. Qb8 Ne4 56. Rg8+ Kf6 57. Bxe4 Qxe4+ 58. Kh2 Rd7 59. Rh8
Rd1 60. Qb2+ Kf5 61. g4+ Kxg4 62. f3+ Qxf3 63. Qb4+ Kxh5 64. Rxh6+ Kxh6 65.
Qf8+ Kh5 66. Qh6+ 1/2-1/2

[Event "II Weekend A"]
[Site "Cornuda ITA"]
[Date "2000.01.??"]
[Round "3"]
[White "Cacco, Christian"]
[Black "Caruso, Augusto"]
[WhiteElo "2263"]
[BlackElo "2260"]
[Result "1/2-1/2"]
[PlyCount "80"]
[EventDate "2000.01.28"]

1. d4 c5 2. e3 g6 3. Nf3 Bg7 4. Be2 Nf6 5. O-O b6 6. Nbd2 O-O 7. c3 d6 8. b4
Nbd7 9. bxc5 bxc5 10. e4 Qc7 11. Re1 a5 12. Ba3 Bb7 13. Bd3 Rfc8 14. Rc1 Bh6
15. h4 Qd8 16. Ng5 Ba6 17. Bxa6 Rxa6 18. Qe2 Rac6 19. e5 dxe5 20. dxe5 Nxe5 21.
Rcd1 Ned7 22. Qxe7 Qxe7 23. Rxe7 Bf8 24. Ree1 Nb6 25. c4 Rd6 26. Bb2 Bg7 27.
Be5 Rdd8 28. Bc3 Ra8 29. Rb1 Na4 30. Bxf6 Bxf6 31. Nde4 Bd4 32. Nf3 Ra7 33. Rb5
Kg7 34. Reb1 Rdd7 35. R1b3 Re7 36. Nd6 Nc3 37. Rxc3 Bxc3 38. Nc8 Bb4 39. Nxa7
Rxa7 40. Ne5 Re7 1/2-1/2

[Event "II Weekend A"]
[Site "Cornuda ITA"]
[Date "2000.01.??"]
[Round "3"]
[White "Fregonese, Giulio"]
[Black "Genocchio, Daniele"]
[WhiteElo "2117"]
[BlackElo "2245"]
[Result "0-1"]
[PlyCount "82"]
[EventDate "2000.01.28"]

1. e4 c5 2. c3 d6 3. Bc4 Nf6 4. Qe2 Nc6 5. f4 e6 6. d3 Be7 7. Nf3 d5 8. Bb3 c4
9. dxc4 Nxe4 10. Be3 O-O 11. O-O Nc5 12. Bc2 dxc4 13. Qxc4 b5 14. Qe2 b4 15.
Rd1 Qa5 16. Nd4 Nxd4 17. Bxd4 b3 18. Be4 Nxe4 19. Qxe4 Ba6 20. a3 Rfd8 21. Nd2
Rab8 22. Qe3 Rd7 23. Qg3 f6 24. Re1 Rxd4 25. cxd4 Qxd2 26. Rad1 Qc2 27. f5 Rd8
28. fxe6 Qxb2 29. Qc7 Qxa3 30. d5 Qc5+ 31. Qxc5 Bxc5+ 32. Kh1 Kf8 33. Ra1 Bd3
34. Ra5 Be7 35. Rxa7 b2 36. Rb7 b1=Q 37. Rexb1 Bxb1 38. Rxb1 Rxd5 39. Kg1 f5
40. Rb8+ Rd8 41. Rb7 g6 0-1

[Event "II Weekend A"]
[Site "Cornuda ITA"]
[Date "2000.01.??"]
[Round "3"]
[White "Luciani, Valerio"]
[Black "Forato, Piero"]
[WhiteElo "2156"]
[BlackElo "1761"]
[Result "1-0"]
[PlyCount "69"]
[EventDate "2000.01.28"]

1. e4 c5 2. Nc3 Nc6 3. g3 g6 4. Bg2 Bg7 5. d3 e6 6. Be3 d6 7. Qd2 Rb8 8. Nge2
Nge7 9. O-O Nd4 10. Nc1 O-O 11. Nd1 b5 12. c3 Ndc6 13. Bh6 e5 14. Bxg7 Kxg7 15.
Ne3 Be6 16. f4 f5 17. Ne2 Qb6 18. Kh1 Rbd8 19. Nd5 Bxd5 20. exd5 Nb8 21. b3 Nd7
22. c4 b4 23. Qb2 Kg8 24. Rae1 Rfe8 25. Ng1 Nc8 26. Nf3 Qc7 27. Ng5 Nf8 28.
fxe5 dxe5 29. Re2 Nb6 30. Rfe1 Qg7 31. Nf3 Nbd7 32. Nxe5 Nxe5 33. Rxe5 Rd7 34.
Qe2 Rxe5 35. Qxe5 1-0

[Event "II Weekend A"]
[Site "Cornuda ITA"]
[Date "2000.01.??"]
[Round "3"]
[White "Pastres, Roberto"]
[Black "De Bortoli, Peter"]
[WhiteElo "2212"]
[BlackElo "2225"]
[Result "0-1"]
[PlyCount "62"]
[EventDate "2000.01.28"]

1. e4 c5 2. Nf3 g6 3. c4 Bg7 4. d4 b6 5. Nc3 d6 6. h3 e6 7. Bg5 Qd7 8. dxc5
dxc5 9. e5 h6 10. Bf4 Ne7 11. Bd3 Bb7 12. Qe2 a6 13. Rd1 Qc7 14. O-O O-O 15.
Nh2 g5 16. Bg3 Nbc6 17. Qh5 Nd4 18. Rfe1 Rad8 19. Ng4 Nef5 20. Nf6+ Kh8 21. h4
Nxg3 22. fxg3 gxh4 23. gxh4 Nf5 24. Nce4 Qc6 25. Re3 Ne7 26. Rf1 Nf5 27. Ref3
Bxf6 28. Rxf5 Bg7 29. Rf6 Rxd3 30. Rxh6+ Kg8 31. Qg4 Qxe4 0-1

[Event "II Weekend A"]
[Site "Cornuda ITA"]
[Date "2000.01.??"]
[Round "3"]
[White "Ventura, Boris"]
[Black "Danieli, Enrico"]
[WhiteElo "2131"]
[BlackElo "2055"]
[Result "1/2-1/2"]
[PlyCount "45"]
[EventDate "2000.01.28"]

1. e4 c6 2. d4 d5 3. e5 c5 4. c3 Nc6 5. Ne2 Bg4 6. f3 Bf5 7. Na3 e6 8. Nc2 Qb6
9. Ne3 Bg6 10. f4 Nge7 11. dxc5 Qxc5 12. b4 Qb6 13. a4 Rc8 14. a5 Qc7 15. Bb2
a6 16. Qa4 Bd3 17. Nd4 Bxf1 18. Rxf1 Qd7 19. Nb3 Ng6 20. Rd1 Ncxe5 21. Qxd7+
Nxd7 22. f5 Nge5 23. fxe6 1/2-1/2

[Event "II Weekend A"]
[Site "Cornuda ITA"]
[Date "2000.01.??"]
[Round "4"]
[White "Caruso, Augusto"]
[Black "Alberton, Roberto"]
[WhiteElo "2260"]
[BlackElo "2138"]
[Result "1-0"]
[PlyCount "53"]
[EventDate "2000.01.28"]

1. e4 c5 2. Nf3 a6 3. c3 e6 4. d4 d5 5. e5 Qb6 6. Be2 Bd7 7. O-O Bb5 8. c4 Bxc4
9. Bxc4 dxc4 10. d5 exd5 11. Qxd5 Qc6 12. Qxc4 b5 13. Qf4 Nh6 14. Nc3 Be7 15.
Rd1 O-O 16. Nd5 Re8 17. Nxe7+ Rxe7 18. Rd6 Rd7 19. g4 Rxd6 20. exd6 f6 21. Bd2
Nf7 22. Re1 Nd7 23. Re7 Nde5 24. Nxe5 Nxe5 25. d7 Ng6 26. Qe4 Qxe4 27. Rxe4 1-0

[Event "II Weekend A"]
[Site "Cornuda ITA"]
[Date "2000.01.??"]
[Round "4"]
[White "Danieli, Enrico"]
[Black "Pegoraro, Nicola"]
[WhiteElo "2055"]
[BlackElo "2060"]
[Result "0-1"]
[PlyCount "108"]
[EventDate "2000.01.28"]

1. d4 f5 2. Nc3 Nf6 3. Bg5 d5 4. e3 e6 5. Nf3 Be7 6. Bd3 O-O 7. O-O Bd7 8. Ne2
Ne4 9. Bxe7 Qxe7 10. c4 Be8 11. Ne5 Nd7 12. f3 Nxe5 13. dxe5 Nc5 14. b4 Nxd3
15. Qxd3 Qxb4 16. Rfb1 dxc4 17. Qd4 Qa5 18. Rxb7 Bc6 19. Rb2 Rad8 20. Qxc4 Qxe5
21. Qc1 Rd1+ 22. Qxd1 Qxb2 23. Nd4 Ba4 24. Qc1 Qxc1+ 25. Rxc1 e5 26. Ne6 Rc8
27. Rxc7 Rxc7 28. Nxc7 Kf7 29. Na6 Ke7 30. Kf2 Kd6 31. Ke1 Bb5 32. Nb4 Kc5 33.
Nc2 g5 34. Kd2 Bc4 35. a3 h5 36. g3 a5 37. h4 gxh4 38. gxh4 Bb3 39. Ne1 Bc4 40.
Nc2 Bd5 41. f4 exf4 42. exf4 Be4 43. Ne3 Kd4 44. Nd1 Bc6 45. Nf2 Bb5 46. Nh1
Be8 47. Nf2 Bc6 48. Nh3 Ke4 49. Ke2 Bb5+ 50. Kf2 Kd5 51. Ng5 Bd3 52. Nh7 Kc4
53. Nf6 Bc2 54. Ke3 Kb3 0-1

[Event "II Weekend A"]
[Site "Cornuda ITA"]
[Date "2000.01.??"]
[Round "4"]
[White "De Bortoli, Peter"]
[Black "Ventura, Boris"]
[WhiteElo "2225"]
[BlackElo "2131"]
[Result "0-1"]
[PlyCount "63"]
[EventDate "2000.01.28"]

1. f4 e5 2. e4 d6 3. Nf3 Nd7 4. Bc4 Be7 5. Nc3 Ngf6 6. d3 O-O 7. f5 c6 8. Qe2
Nc5 9. Bg5 b5 10. Bb3 a5 11. a4 b4 12. Nd1 Ba6 13. Nf2 d5 14. Nxe5 Qd6 15. exd5
Nxb3 16. cxb3 Rfe8 17. O-O Nxd5 18. Nxf7 Kxf7 19. Ne4 Qd7 20. f6 Bxf6 21. Bxf6
Nxf6 22. Rxf6+ gxf6 23. Qh5+ Kg7 24. Ng3 Re5 25. Qh4 Bxd3 26. Rd1 Qa7+ 27. Kh1
Bg6 28. Qg4 Qe3 29. Rd7+ Kh8 30. h4 Rg8 31. h5 Be4 32. Qh4 0-1

[Event "II Weekend A"]
[Site "Cornuda ITA"]
[Date "2000.01.??"]
[Round "4"]
[White "Efimov, Igor"]
[Black "Cacco, Christian"]
[WhiteElo "2537"]
[BlackElo "2263"]
[Result "1-0"]
[PlyCount "67"]
[EventDate "2000.01.28"]

1. e4 c5 2. Nf3 Nc6 3. d4 cxd4 4. Nxd4 Nf6 5. Nc3 e5 6. Ndb5 d6 7. Bg5 a6 8.
Na3 b5 9. Bxf6 gxf6 10. Nd5 f5 11. Bd3 Be6 12. c4 bxc4 13. Nxc4 Bg7 14. Qa4 Rc8
15. Ndb6 Bxc4 16. Nxc8 Bxd3 17. Qxc6+ Kf8 18. Qxd6+ Qxd6 19. Nxd6 fxe4 20. Nf5
e3 21. Nxg7 exf2+ 22. Kxf2 Kxg7 23. Rhe1 f6 24. Rad1 Bb5 25. Re3 Re8 26. b3 Re7
27. a4 Bc6 28. Rd6 Bb7 29. Red3 Bc8 30. Rg3+ Kf7 31. Rf3 f5 32. Rc6 Re8 33.
Rfc3 Be6 34. Rxa6 1-0

[Event "II Weekend A"]
[Site "Cornuda ITA"]
[Date "2000.01.??"]
[Round "4"]
[White "Forato, Piero"]
[Black "Pastres, Roberto"]
[WhiteElo "1761"]
[BlackElo "2212"]
[Result "1/2-1/2"]
[PlyCount "50"]
[EventDate "2000.01.28"]

1. e4 c5 2. Nf3 e6 3. d4 cxd4 4. Nxd4 a6 5. c4 Qc7 6. Nc3 b6 7. Be2 Bb7 8. O-O
Nf6 9. f3 Bd6 10. Kh1 Bxh2 11. f4 Bg3 12. Qd3 e5 13. Nf5 Bxf4 14. Bxf4 exf4 15.
e5 Qxe5 16. Nd6+ Kf8 17. Nxb7 Nc6 18. Qd6+ Qxd6 19. Nxd6 g5 20. Bf3 Kg7 21.
Rad1 Ra7 22. Nde4 Nxe4 23. Bxe4 Ne5 24. b3 h5 25. Bb1 h4 1/2-1/2

[Event "II Weekend A"]
[Site "Cornuda ITA"]
[Date "2000.01.??"]
[Round "4"]
[White "Genocchio, Daniele"]
[Black "Ausmins, Elmar"]
[WhiteElo "2245"]
[BlackElo "2255"]
[Result "0-1"]
[PlyCount "62"]
[EventDate "2000.01.28"]

1. e4 c6 2. d4 d5 3. Nd2 dxe4 4. Nxe4 Bf5 5. Ng3 Bg6 6. Bc4 e6 7. N1e2 Nf6 8.
O-O Bd6 9. f4 Qc7 10. f5 exf5 11. Nxf5 Bxf5 12. Rxf5 Bxh2+ 13. Kh1 Bd6 14. Bh6
Rg8 15. Bg5 Nbd7 16. Nf4 Nb6 17. Qe2+ Qe7 18. Re1 Nxc4 19. Qf2 Ne4 20. Qh4 f6
21. Ne6 Ng3+ 22. Kg1 Nxf5 23. Qxh7 Kf7 24. Qxf5 Rae8 25. Bxf6 Qxe6 26. Rxe6 g6
27. Qf1 Kxe6 28. Bg5 Nxb2 29. c4 Rgf8 30. Qb1 Nxc4 31. Qxb7 Rb8 0-1

[Event "II Weekend A"]
[Site "Cornuda ITA"]
[Date "2000.01.??"]
[Round "4"]
[White "Luciani, Valerio"]
[Black "Fregonese, Giulio"]
[WhiteElo "2156"]
[BlackElo "2117"]
[Result "0-1"]
[PlyCount "44"]
[EventDate "2000.01.28"]

1. e4 e5 2. Nf3 Nc6 3. Bb5 f5 4. d3 fxe4 5. dxe4 Nf6 6. Qe2 Bc5 7. Nc3 d6 8.
Be3 Bb6 9. Bxb6 axb6 10. h3 Bd7 11. O-O-O O-O 12. Kb1 Kh8 13. Bxc6 bxc6 14. g3
b5 15. Qe3 b4 16. Ne2 Qc8 17. Nfg1 Be6 18. Nc1 Qa6 19. b3 c5 20. f4 c4 21. f5
Bf7 22. g4 Qa3 0-1

[Event "II Weekend A"]
[Site "Cornuda ITA"]
[Date "2000.01.??"]
[Round "5"]
[White "Alberton, Roberto"]
[Black "Danieli, Enrico"]
[WhiteElo "2138"]
[BlackElo "2055"]
[Result "1/2-1/2"]
[PlyCount "77"]
[EventDate "2000.01.28"]

1. d4 d5 2. c4 e6 3. Nc3 Nf6 4. Bg5 Be7 5. e3 O-O 6. Nf3 h6 7. Bh4 Ne4 8. Bxe7
Qxe7 9. Bd3 Nxc3 10. bxc3 dxc4 11. Bxc4 b6 12. O-O Bb7 13. a4 Nc6 14. Qe2 Na5
15. Ba6 Rfd8 16. Bxb7 Nxb7 17. Ne5 Na5 18. Rfb1 Rac8 19. Nc4 Nxc4 20. Qxc4 c5
21. Qa6 cxd4 22. cxd4 Qc7 23. a5 bxa5 24. Qxa5 Qxa5 25. Rxa5 Rd7 26. g3 Kf8 27.
h4 Ke7 28. Kg2 Rcc7 29. Kf3 Rb7 30. Rba1 Rbc7 31. R1a2 Rb7 32. h5 Kd8 33. Ra1
Kc8 34. g4 Kb8 35. R1a2 Rb6 36. Ke4 Rdb7 37. R5a3 Rb5 38. Ra6 R5b6 39. R6a5
1/2-1/2